Okulárne vestibulárne evokované myogénne potenciály

Bibliographic Details
Main Author: Jombík, Peter (Author)
Format: Book
Language:Slovak
PhysicalDescription:79 s. grafy 21 cm
Published: Bratislava Zuzana Číčelová 2008
ISBN:9788096950591
Edition:1. vyd.
Series:Kapitoly modernej neurológie
Subjects:

MARC

LEADER 00000nam a2200000 a 4500
001 vtls009493085
003 SK-MaSNL
005 20260301082146.0
008 240314s2008 xo d f 000 0 slo
015 |a SNBA2010/05-02464 
020 |a 9788096950591  |q (brož.) 
035 |a 7D89241D-85CD-4366-B5A6-889F5BCFB14C 
035 |a urn:nbn:sk:snk-aml2bx 
035 |a urn:nbn:sk:snk-am008m8w 
040 |a SNK  |b slo  |c SNK  |e AACR2 
041 0 |a slo 
044 |a xo  |c SK 
072 7 |a 616  |x Patológia. Klinická medicína  |2 konspekt 
080 |a 616.8  |2 2001 
080 |a 612.8  |2 2001 
080 |a (043.3)  |2 2001 
100 1 |a Jombík, Peter  |4 aut  |9 406623 
245 1 0 |a Okulárne vestibulárne evokované myogénne potenciály  |c Peter Jombík 
250 |a 1. vyd. 
260 |a Bratislava  |b Zuzana Číčelová  |c 2008 
300 |a 79 s.  |b grafy  |c 21 cm 
490 1 |a Kapitoly modernej neurológie 
500 |a Vyd. pre Lundbeck Slovensko 
504 |a Bibliogr. s. 71-77 
650 0 7 |a neurológia  |2 SNKPH  |9 908 
650 0 7 |a neurofyziológia  |2 SNKPH  |9 19437 
650 0 7 |a Neurology  |2 SNKPHeng  |9 267633 
650 0 7 |a Neurophysiology  |2 SNKPHeng  |9 268143 
655 7 |a dizertácie  |2 SNKPH  |9 70277 
655 7 |a Dissertations  |2 SNKPHeng  |9 303036 
830 0 |a Kapitoly modernej neurológie  |9 335179 
919 |a 978-80-969505-9-1 
958 |a NB 
958 |a MI 
958 |a OND 
968 |d 61 
999 |c 657840  |d 659770 
952 |a SNK  |b SNK  |y PREZ  |7 0  |p 17A0619280  |o snkSC 135365  |i snk2009/7340  |8 0  |0 0  |1 0  |4 0  |d 2009-04-17  |f 1  |l 0  |r 2025-07-01 00:00:00  |w 2026-02-23 
952 |a SNK  |b SNK  |y VYP  |7 0  |p 17A0619279  |o snkSC 135365 D1  |i snk2009/7341  |8 0  |0 0  |1 0  |4 0  |d 2009-04-17  |l 0  |r 2026-02-23 18:43:31  |w 2026-02-23